Państwa europejskie bez litery "e" w nazwie - Statystyki

Ogólne statystyki
  • Ten quiz został rozwiązany 3 394 razy
    2 648 od ostatniego zresetowania
  • Średni wynik to 27 z 33
Statystyki odpowiedzi
Lp Państwo % Poprawnych
21 Polska
99%
11 Hiszpania
95%
23 Rosja
95%
10 Francja
93%
22 Portugalia
93%
16 Litwa
92%
29 Ukraina
92%
17 Łotwa
91%
9 Finlandia
90%
26 Słowacja
90%
32 Włochy
90%
4 Białoruś
88%
12 Holandia
87%
8 Dania
86%
13 Irlandia
86%
6 Chorwacja
84%
1 Albania
83%
3 Austria
83%
2 Andora
82%
30 Watykan
82%
24 Rumunia
81%
5 Bułgaria
80%
14 Islandia
80%
27 Szwajcaria
78%
25 San Marino
77%
19 Mołdawia
74%
28 Turcja
74%
7 Czarnogóra
73%
33 Kosowo
73%
18 Malta
73%
20 Monako
71%
31 Węgry
61%
15 Kazachstan
32%
Nie znaleziono quizów pasujących do podanych kryteriów
Rozkład punktacji
Procent ludzi z każdym wynikiem
Percentyl według liczby udzielonych odpowiedzi
Twoja historia wyników
Nie rozwiązałeś tego quizu od ostatniego zresetowania